000
00266 a2200109 4500
001
38412
090
_c
24398
_d
24398
100
_a
Easterling K
245
_a
Introduction the physical metallurgy of welding, 2/e
250
_a
2
260
_a
G Br
_b
Butter worth Heinemann
_c
1992
942
_a
NUST-CAE
999
_c
273485
_d
273485